000 01088nam0a22002531 4500
001 rc\2966859
005 20250806211720.0
035 _a(NLR Aleph) 007113260
090 _a68499
_c68499
100 _a20040928d1943 u y0rusy50 ca
101 0 _arus
102 _aRU
105 _ay g ||||y
200 1 _aВтузы текстильной промышленности
_eСправочник для поступающих в 1943 г. в высшие учеб. заведения
_fНаркомтекстиль СССР Гл. упр. учеб. заведений
210 _a[Москва]
_cГизлегпром
_d1943
215 _a24 с. Без обл.
_d18 см
712 0 1 _aСССР
_bНародный комиссариат текстильной промышленности
_bГлавное управление учебными заведениями
_4570
801 0 _aRU
_bNLR
_gpsbo
801 1 _aRU
_bELAR
_2rusmarc
852 _aNLR
_jПр30 Г-4/98
942 _cBOOK
945 _aРоссийская национальная библиотека
980 _aNB
980 _aBV